01000nam a2200217 a 450000100100000000500170001000800410002704000250006808200210009310000230011424500570013726000670019430000270026165000310028865000500031904900090036995201250037895201310050395201310063499900170076500001180420200929162555.0091027s1983 kn 000 0 spa d aDO-SdBNPbspacBNPHU a923.315193bK49C1 aChe, In Su,92794810aKim zong il :bdirigente del pueblo, 1 /cChe In Su. aPyongyang, (Corea) :bEdiciones en Lenguas Extranjeras,c1983. a349 p. :bil. ;c1983. 4aKim zong il,d1942-927949 4aPartido del trabajo de coreaxHistoria927950 aBNGR 001052708MOaGRbGRcHDd2009-10-27iLF1l0o923.315193 K49Cp11804-10r2020-06-25w2020-06-25y2ZPréstamo interno 001053728MOaGRbGRcCTd2009-10-27iLF1l0o923.315193 K49Cp11804-20r2020-06-25te. 2w2020-06-25y2ZPréstamo interno 001052708MOaGRbGRcCTd2012-02-21iLF1l0o923.315193 K49Cp11804-30r2020-06-25te. 3w2020-06-25y2ZPréstamo interno c11478d11478